Maratónsky traťový rekord odoláva už desať rokov. Chystá sa naň enkláva afrických vytrvalcov Peter Kerekeš pripravuje film o košickej bežeckej tradícii

Bibliographic Details
Main Author: Dohovič, Svjatoslav (Author)
Format: Article
Language:Slovak
Subjects:

MARC

LEADER 00000nab a2200000u 4500
001 vtls012151073
003 SK-MaSNL
005 20260303114447.0
008 221006|2022 xo ||||||| ||00 ||slo|
038 |a KEVKJB 
040 |a KEVKJB  |b slo  |e rda 
041 0 |a slo 
043 |a e-xo--- 
044 |a xo  |c SK 
072 7 |a 796  |x Šport. Hry. Telesné cvičenia  |2 konspekt 
080 |a 796.422.16  |2 2011 
100 1 |a Dohovič, Svjatoslav  |4 aut  |9 331929 
245 1 0 |a Maratónsky traťový rekord odoláva už desať rokov. Chystá sa naň enkláva afrických vytrvalcov  |b Peter Kerekeš pripravuje film o košickej bežeckej tradícii  |c Svjatoslav Dohovič 
300 |b Fotografie 
336 |a text  |b txt  |2 rdacontent 
337 |a bez média  |b n  |2 rdamedia 
338 |a zväzok  |b nc  |2 rdacarrier 
611 2 7 |a Medzinárodný maratón mieru  |n (99. :  |d 2022 :  |c Košice, Slovensko)‭  |2 kevkjb  |9 1129153 
650 0 7 |a maratón  |2 SNKPH  |9 22999 
651 7 |a Košice (Slovensko)  |2 SNKPHgeo  |9 18694 
773 0 |t Košický večer  |g Roč. 55, č. 38 (2022), s. 13  |x 1336-5320 
852 |a KEVKJB  |b KIS3GCP 
999 |c 1898430  |d 1900360